[Event "Duesseldorf Nord Cup 1st"]
[Site "Duesseldorf"]
[Date "1995.??.??"]
[Round "3"]
[White "Bilke, Joerg"]
[Black "Podzielny, Karl Heinz"]
[Result "0-1"]
[WhiteElo "2210"]
[BlackElo "2455"]
[PlyCount "56"]
[EventDate "1995.06.02"]
[EventType "swiss"]
[EventRounds "7"]
[EventCountry "GER"]
[SourceTitle "EXT 1999"]
[Source "ChessBase"]
[SourceDate "1998.11.16"]
[SourceVersion "1"]
[SourceVersionDate "1998.11.16"]
[SourceQuality "1"]

1. c4 Nf6 2. Nc3 e5 3. g3 Bb4 4. Bg2 0-0 5. a3 Bxc3 6. dxc3 d6 7. Nf3 a5 8. a4 h6 9. 0-0 Re8 10. Qc2 e4 11. Ne1 Bf5 12. Be3 Nbd7 13. h3 b6 14. Qd2 Nc5 15. Qc2 Qd7 16. Kh2 Qe6 17. b3 Nfd7 18. Qa2 b5 19. cxb5 Nxb3 20. Rb1 Nbc5 21. c4 Nb6 22. Bxc5 dxc5 23. Rc1 Rad8 24. e3 Qe5 25. Rg1 Rd6 26. Bf1 Red8 27. Be2 Rd2 28. Rc2 Qc3 0-1